General knowledge/ (Record no. 214972)

MARC details
000 -LEADER
fixed length control field 00580nam a22001697a 4500
005 - DATE AND TIME OF LATEST TRANSACTION
control field 20260226144015.0
010 ## - LCCN (DPL NO)
LC control number BACEN26
020 ## - INTERNATIONAL STANDARD BOOK NUMBER
International Standard Book Number 9789356817494
Terms of availability 275.00
037 ## - SOURCE OF ACQUISITION
Source of stock number/acquisition GP publications (P) Ltd
082 ## - DEWEY DECIMAL CLASSIFICATION NUMBER
Classification number 000
100 ## - MAIN ENTRY--PERSONAL NAME
Personal name Kumar, Purushottam
245 ## - TITLE STATEMENT
Title General knowledge/
Statement of responsibility, etc Purushottam kumar
260 ## - PUBLICATION, DISTRIBUTION, ETC. (IMPRINT)
Place of publication, distribution, etc Haryana
Name of publisher, distributor, etc G.K Publication (P) Ltd
Date of publication, distribution, etc 2025
270 ## - ADDRESS
Address Plot No. 63, Sector-27A, Near sector -28 Metro Station, Faridabad
City Haryana
Postal code 121003
Electronic mail address gkp@gkpublications.com
300 ## - PHYSICAL DESCRIPTION
Extent 338 Pages
Dimensions 22cm (Pbk)
942 ## - ADDED ENTRY ELEMENTS (KOHA)
Source of classification or shelving scheme Dewey Decimal Classification
Item type English Books
Classification part 000
Call number suffix KUM

No items available.


© Delhi Public Library
Hit Counter
free hit counter